000 02840cam a22011654i 4500
003 PE-LiUPU
005 20250813185519.0
008 150625s2005 mx a r 000 0 spa d
020 _a968247244X
020 _a9789682472442
035 _a(Sirsi) i9789682472442
040 _aPE-LiUPU
_bspa
_cPE-LiUPU
_dPE-LiUPU
_erda
049 _aPRUA
082 0 4 _a371.39
_bA694e
_223
100 1 _aArgudín, Yolanda,
_eautor.
245 1 0 _aEducación basada en competencias :
_bnociones y antecedentes /
_cYolanda Argudín.
264 1 _aMéxico :
_bTrillas,
_c2005.
300 _a111 páginas :
_bilustraciones ;
_c23 centímetros.
336 _atext
_2rdacontent
337 _aunmediated
_2rdamedia
338 _avolume
_2rdacarrier
505 0 _aQue son las competencias -- ¿Por qué competencias? -- La educación y las competencias -- Competencias laborales derivan en competencias educativas -- Competencias y currículum -- Habilidades y valores -- Evaluación, resultado y desempeño -- A manera de síntesis -- El profesor como facilitador.
526 _aP202
526 _aP201
526 _aP163
526 _aP162
526 _aP161
526 _aP160
526 _aP148
526 _aP147
526 _aP146
526 _aP145
526 _aP144
526 _aP143
526 _aP142
526 _aP141
526 _aP140
526 _aP139
526 _aP138
526 _aP137
526 _aP136
526 _aP135
526 _aP134
526 _aP133
526 _aP129
526 _aP128
526 _aP127
526 _aP120
526 _aP119
526 _aP118
526 _aP116
526 _aP115
526 _aP114
526 _aP110
526 _aP109
526 _aP108
526 _aP104
526 _aP103
526 _aP102
526 _aP99
526 _aP98
526 _aP97
526 _aP96
526 _aP95
526 _aP93
526 _aP90
526 _aP89
526 _aP88
526 _aP83
526 _aP82
526 _aP62
526 _aP59
526 _aP58
526 _aP57
526 _aP51
526 _aP49
526 _aP48
526 _aP47
526 _aP29
526 _aP24
526 _aP20
526 _aP19
526 _aP17
526 _aP15
526 _aP14
526 _aP12
526 _aP10
526 _aP09
526 _aP08
526 _aP07
526 _aP06
526 _aP05
526 _aP04
526 _aP01
650 0 _aEducación por competencias
_91859
942 _2ddc
_cBK
_n0
980 _81
_gALBERTO SANCHEZ Responsable de Automatización
999 _c45710
_d45710